[Event "WchT Seniors 65"]
[Site "Radebeul"]
[Date "2016.06.30"]
[Round "5.4"]
[White "Zoephel, Heinz"]
[Black "Ekelund, Kurt E"]
[Result "1/2-1/2"]
[WhiteElo "1990"]
[BlackElo "1952"]
[PlyCount "37"]
[EventDate "2016.06.26"]
[EventType "team-swiss"]
[EventRounds "9"]
[EventCountry "GER"]
[SourceTitle "CBM 173 Extra"]
[Source "ChessBase"]
[SourceDate "2016.08.29"]
[SourceVersion "1"]
[SourceVersionDate "2016.08.29"]
[SourceQuality "1"]
[WhiteTeam "Dresden Springer"]
[BlackTeam "Sweden II"]
[WhiteTeamCountry "GER"]
[BlackTeamCountry "SWE"]

1. e4 c5 2. Nf3 Nc6 3. d4 cxd4 4. Nxd4 Nf6 5. Nc3 e5 6. Ndb5 d6 7. a4 a6 8. Na3 Be6 9. Bc4 Be7 10. 0-0 0-0 11. Kh1 Bxc4 12. Nxc4 Nxe4 13. Nxe4 d5 14. Nxe5 Nxe5 15. Ng3 Rc8 16. c3 Nc6 17. Nf5 Bf6 18. Be3 Qd7 19. Nd4 1/2-1/2

[Event "WchT Seniors 65"]
[Site "Radebeul"]
[Date "2016.06.29"]
[Round "4.3"]
[White "Zoephel, Heinz"]
[Black "Schrickx, Frank"]
[Result "1/2-1/2"]
[WhiteElo "1990"]
[BlackElo "1920"]
[PlyCount "86"]
[EventDate "2016.06.26"]
[EventType "team-swiss"]
[EventRounds "9"]
[EventCountry "GER"]
[SourceTitle "CBM 173 Extra"]
[Source "ChessBase"]
[SourceDate "2016.08.29"]
[SourceVersion "1"]
[SourceVersionDate "2016.08.29"]
[SourceQuality "1"]
[WhiteTeam "Dresden Springer"]
[BlackTeam "Belgium II"]
[WhiteTeamCountry "GER"]
[BlackTeamCountry "BEL"]

1. e4 c6 2. Nf3 d5 3. Nc3 Bg4 4. h3 Bxf3 5. Qxf3 e6 6. exd5 cxd5 7. d4 Nc6 8. Be3 Nf6 9. 0-0-0 Rc8 10. Bg5 Be7 11. h4 Qa5 12. Bb5 a6 13. Bxc6+ Rxc6 14. Rd3 b5 15. Bxf6 Bxf6 16. Kb1 b4 17. Ne2 Qc7 18. c3 bxc3 19. Rxc3 Rxc3 20. Qxc3 Qxc3 21. bxc3 Kd7 22. h5 h6 23. Kc2 Rb8 24. f4 Be7 25. Nc1 Bd6 26. Nd3 Rg8 27. g4 g5 28. Ne5+ Ke8 29. Rf1 gxf4 30. Rxf4 Bxe5 31. dxe5 Rg5 32. Ra4 Rxe5 33. Rxa6 Re4 34. Ra8+ Ke7 35. Rh8 Kf6 36. Rg8 Ke5 37. Kb3 f5 38. g5 hxg5 39. Rxg5 Rh4 40. a4 Kf6 41. Rg6+ Kf7 42. Rg5 Kf6 43. Rg6+ Kf7 1/2-1/2

[Event "EU-chT Seniors 15th"]
[Site "Dresden"]
[Date "2013.07.24"]
[Round "5"]
[White "Zoephel, Heinz"]
[Black "Neudel, Bernd"]
[Result "1-0"]
[WhiteElo "2059"]
[BlackElo "1887"]
[PlyCount "61"]
[EventDate "2013.07.20"]
[EventType "team-swiss"]
[EventRounds "9"]
[EventCountry "GER"]
[SourceTitle "CBM 155 Extra"]
[Source "ChessBase"]
[SourceDate "2013.08.26"]
[SourceVersion "1"]
[SourceVersionDate "2013.08.26"]
[SourceQuality "1"]
[WhiteTeam "Dresden Springer"]
[BlackTeam "BSW/DBAG II"]
[WhiteTeamCountry "GER"]
[BlackTeamCountry "GER"]

1. e4 c5 2. Nf3 d6 3. d4 cxd4 4. Nxd4 Nf6 5. Nc3 a6 6. Bd3 Qc7 7. f4 e6 8. Qe2 Nc6 9. Nb3 Be7 10. 0-0 Nd7 11. Be3 Nc5 12. Qf2 Nxb3 13. axb3 Bd7 14. Nb5 Qc8 15. Nd4 Bf6 16. c3 Nd8 17. Qg3 g6 18. b4 Bg7 19. f5 Be5 20. Qg4 Nc6 21. fxe6 Bxe6 22. Nxe6 Qxe6 23. Qxe6+ fxe6 24. b5 Nb8 25. Bc4 a5 26. Bxe6 Nd7 27. Bxd7+ Kxd7 28. Rf7+ Kc8 29. Bb6 a4 30. Rc7+ Kb8 31. Rc4 1-0

[Event "EU-chT Seniors 15th"]
[Site "Dresden"]
[Date "2013.07.20"]
[Round "1"]
[White "Zoephel, Heinz"]
[Black "Uhlmann, Wolfgang"]
[Result "0-1"]
[WhiteElo "2059"]
[BlackElo "2340"]
[PlyCount "68"]
[EventDate "2013.07.20"]
[EventType "team-swiss"]
[EventRounds "9"]
[EventCountry "GER"]
[SourceTitle "CBM 155 Extra"]
[Source "ChessBase"]
[SourceDate "2013.08.26"]
[SourceVersion "1"]
[SourceVersionDate "2013.08.26"]
[SourceQuality "1"]
[WhiteTeam "Dresden Springer"]
[BlackTeam "Germany"]
[WhiteTeamCountry "GER"]
[BlackTeamCountry "GER"]

1. e4 e6 2. d4 d5 3. Nc3 Bb4 4. e5 Ne7 5. Bd2 c5 6. Nb5 Bxd2+ 7. Qxd2 0-0 8. Nf3 cxd4 9. Nbxd4 Nbc6 10. c3 Ng6 11. Nxc6 bxc6 12. Bd3 c5 13. 0-0 Qb6 14. Rfe1 Ba6 15. Bxa6 Qxa6 16. Qe3 Qb6 17. Rab1 a5 18. h4 Ne7 19. g4 Rab8 20. h5 h6 21. g5 Nf5 22. Qf4 hxg5 23. Qxg5 Qd8 24. Qg4 Rb7 25. Kg2 d4 26. cxd4 cxd4 27. Red1 Qd5 28. h6 f6 29. h7+ Kh8 30. Kg1 fxe5 31. Ng5 d3 32. Qe4 Rb4 33. Qxd5 exd5 34. Ne6 Rf6 0-1

[Event "GER-ch Seniors"]
[Site "Dresden"]
[Date "2012.08.17"]
[Round "9"]
[White "Zoephel, Heinz"]
[Black "Schmitt, Karl"]
[Result "1/2-1/2"]
[WhiteElo "2069"]
[BlackElo "1953"]
[PlyCount "61"]
[EventDate "2012.08.09"]
[EventType "swiss"]
[EventRounds "9"]
[EventCountry "GER"]
[SourceTitle "EXT 2014"]
[Source "ChessBase"]
[SourceDate "2013.11.20"]
[SourceVersion "1"]
[SourceVersionDate "2013.11.20"]
[SourceQuality "1"]

1. Nf3 Nf6 2. b4 e6 3. a3 c5 4. bxc5 Bxc5 5. e3 0-0 6. d4 Be7 7. Bd3 d5 8. Nbd2 b6 9. Qe2 Bb7 10. Bb2 Nbd7 11. Rc1 Rc8 12. 0-0 Ne4 13. c4 Ndf6 14. Rc2 Nxd2 15. Nxd2 dxc4 16. Nxc4 b5 17. Ne5 Rxc2 18. Bxc2 Qd5 19. f3 Rc8 20. Bd3 Qb3 21. Ra1 Nd5 22. f4 f5 23. Kf2 Nf6 24. Rc1 Rxc1 25. Bxc1 a6 26. Qc2 Qxc2+ 27. Bxc2 Kf8 28. g3 Ke8 29. Bb3 Bd5 30. Bxd5 Nxd5 31. Ke1 1/2-1/2

[Event "GER-ch Seniors"]
[Site "Dresden"]
[Date "2012.08.15"]
[Round "7"]
[White "Zoephel, Heinz"]
[Black "Kaufmann, Helmut"]
[Result "1-0"]
[WhiteElo "2069"]
[BlackElo "2079"]
[PlyCount "47"]
[EventDate "2012.08.09"]
[EventType "swiss"]
[EventRounds "9"]
[EventCountry "GER"]
[SourceTitle "EXT 2014"]
[Source "ChessBase"]
[SourceDate "2013.11.20"]
[SourceVersion "1"]
[SourceVersionDate "2013.11.20"]
[SourceQuality "1"]

1. e4 g6 2. d4 Bg7 3. Nc3 d6 4. f4 c6 5. Nf3 e6 6. Bd3 Ne7 7. 0-0 b6 8. Qe2 a5 9. a4 Ba6 10. Nd1 Bxd3 11. Qxd3 Nd7 12. Ne3 0-0 13. g4 d5 14. e5 Bh6 15. f5 exf5 16. Nxf5 Nxf5 17. gxf5 Bxc1 18. Raxc1 c5 19. c3 Kh8 20. f6 h6 21. Kh1 c4 22. Qe3 Kh7 23. Ng5+ Kg8 24. e6 1-0

[Event "GER-ch Seniors"]
[Site "Dresden"]
[Date "2012.08.12"]
[Round "4"]
[White "Thieme, Wolfgang"]
[Black "Zoephel, Heinz"]
[Result "1/2-1/2"]
[WhiteElo "1954"]
[BlackElo "2069"]
[PlyCount "37"]
[EventDate "2012.08.09"]
[EventType "swiss"]
[EventRounds "9"]
[EventCountry "GER"]
[SourceTitle "EXT 2014"]
[Source "ChessBase"]
[SourceDate "2013.11.20"]
[SourceVersion "1"]
[SourceVersionDate "2013.11.20"]
[SourceQuality "1"]

1. e4 e5 2. Bc4 Nf6 3. d4 Nxe4 4. dxe5 Qe7 5. Nf3 Qb4+ 6. Nbd2 Nxd2 7. Nxd2 Be7 8. Qe2 Nc6 9. c3 Qc5 10. Nf3 d5 11. exd6 Qxd6 12. Bg5 Bg4 13. Bxe7 Qxe7 14. Qxe7+ Kxe7 15. 0-0-0 Bxf3 16. Rhe1+ Kf6 17. gxf3 Rhe8 18. Rxe8 Rxe8 19. Rd7 1/2-1/2

[Event "GER-ch Seniors"]
[Site "Dresden"]
[Date "2012.08.11"]
[Round "3"]
[White "Zoephel, Heinz"]
[Black "Blosze, Winfried"]
[Result "1/2-1/2"]
[WhiteElo "2069"]
[BlackElo "1883"]
[PlyCount "51"]
[EventDate "2012.08.09"]
[EventType "swiss"]
[EventRounds "9"]
[EventCountry "GER"]
[SourceTitle "EXT 2014"]
[Source "ChessBase"]
[SourceDate "2013.11.20"]
[SourceVersion "1"]
[SourceVersionDate "2013.11.20"]
[SourceQuality "1"]

1. e4 e5 2. f4 d5 3. exd5 Qxd5 4. Nc3 Qe6 5. fxe5 Qxe5+ 6. Be2 Bg4 7. d4 Bxe2 8. Ngxe2 Qe6 9. 0-0 Nf6 10. Nf4 Qd7 11. Re1+ Be7 12. Ne4 0-0 13. c4 c6 14. d5 Nxe4 15. Rxe4 Bc5+ 16. Kh1 Qf5 17. Qe2 Nd7 18. g4 Qf6 19. Nh5 Qg6 20. Bf4 f5 21. Re6 Qxg4 22. Qxg4 fxg4 23. dxc6 bxc6 24. Bg3 Rf5 25. Nf4 Raf8 26. Nd3 1/2-1/2

[Event "GER-ch Seniors"]
[Site "Dresden"]
[Date "2012.08.09"]
[Round "1"]
[White "Zoephel, Heinz"]
[Black "Scholz, Herbert"]
[Result "1-0"]
[WhiteElo "2069"]
[BlackElo "1980"]
[PlyCount "111"]
[EventDate "2012.08.09"]
[EventType "swiss"]
[EventRounds "9"]
[EventCountry "GER"]
[SourceTitle "EXT 2014"]
[Source "ChessBase"]
[SourceDate "2013.11.20"]
[SourceVersion "1"]
[SourceVersionDate "2013.11.20"]
[SourceQuality "1"]

1. Nf3 Nf6 2. b4 e6 3. a3 b6 4. Bb2 Bb7 5. e3 Be7 6. d4 0-0 7. Bd3 d6 8. Nbd2 c5 9. c4 cxd4 10. exd4 Nbd7 11. 0-0 Re8 12. Re1 Nf8 13. Rc1 Rc8 14. Qa4 a6 15. Qb3 Ng6 16. Bb1 Bf8 17. a4 b5 18. axb5 axb5 19. c5 Bd5 20. Qc3 Rc6 21. Ng5 Qc7 22. Nde4 Nxe4 23. Bxe4 Bxe4 24. Nxe4 d5 25. Ng5 Qf4 26. Qe3 h6 27. Nf3 Qxe3 28. fxe3 Ra8 29. Ra1 Rca6 30. Rxa6 Rxa6 31. Ra1 Rxa1+ 32. Bxa1 f6 33. Ne1 Ne7 34. Nc2 Nc6 35. Bc3 Kf7 36. Na3 Na7 37. Be1 Ke8 38. Kf2 Kd7 39. Ke2 Kc6 40. Bg3 Nc8 41. Kd3 Ne7 42. Nc2 g5 43. Na1 Ng6 44. Bf2 e5 45. Nb3 Bg7 46. g4 Ne7 47. e4 Kc7 48. Bg3 Kc6 49. Be1 Kc7 50. exd5 Nxd5 51. Ke4 Nf4 52. d5 Kd7 53. Na5 Bf8 54. Nc6 Ne6 55. Na7 Bxc5 56. dxe6+ 1-0

[Event "GER-ch Seniors 23rd"]
[Site "Halle"]
[Date "2011.08.10"]
[Round "6"]
[White "Wege, Hermann"]
[Black "Zoephel, Heinz"]
[Result "0-1"]
[WhiteElo "1913"]
[BlackElo "2107"]
[PlyCount "86"]
[EventDate "2011.08.05"]
[EventType "swiss"]
[EventRounds "9"]
[EventCountry "GER"]
[SourceTitle "CBM 144 Extra"]
[Source "ChessBase"]
[SourceDate "2011.10.28"]
[SourceVersion "1"]
[SourceVersionDate "2011.10.28"]
[SourceQuality "1"]

1. Nf3 Nf6 2. d3 d5 3. g3 c5 4. Bg2 Nc6 5. 0-0 e5 6. e4 d4 7. a4 Bg4 8. Nbd2 Be7 9. Nc4 Nd7 10. Re1 0-0 11. h3 Bh5 12. g4 Bg6 13. Bd2 h6 14. Rb1 Qc7 15. h4 h5 16. Ng5 Nf6 17. f3 Nh7 18. Bh3 Nxg5 19. hxg5 f6 20. gxf6 Bxf6 21. g5 Bd8 22. Rf1 Qe7 23. Rf2 Bc7 24. b3 Nd8 25. Qf1 Ne6 26. Bxe6+ Qxe6 27. Qg2 Rf7 28. Qg3 Re8 29. Rbf1 Kh7 30. f4 exf4 31. Bxf4 Rxf4 32. Rxf4 Bxf4 33. Qxf4 Re7 34. Nd6 Rd7 35. e5 b6 36. Kh2 Re7 37. Re1 Qd5 38. Kg3 Qe6 39. Kh4 Rd7 40. Ne4 Rf7 41. Qg3 Rf5 42. Nd6 Rf2 43. Qh3 Rh2 0-1

[Event "EU-chT Seniors 10th"]
[Site "Dresden"]
[Date "2008.02.19"]
[Round "9.2"]
[White "Zoephel, Heinz"]
[Black "Csulits, Anton"]
[Result "1/2-1/2"]
[WhiteElo "2160"]
[BlackElo "2222"]
[PlyCount "30"]
[EventDate "2008.02.11"]
[EventType "team-swiss"]
[EventRounds "9"]
[EventCountry "GER"]
[SourceTitle "CBM 122 Extra"]
[Source "ChessBase"]
[SourceDate "2008.03.04"]
[SourceVersion "1"]
[SourceVersionDate "2008.03.04"]
[SourceQuality "1"]
[WhiteTeam "Sachsen"]
[BlackTeam "Sachsen Anhalt"]
[WhiteTeamCountry "GER"]
[BlackTeamCountry "GER"]

1. e4 g6 2. d4 Bg7 3. Nc3 c6 4. Be3 d5 5. e5 h5 6. Qd2 Nh6 7. f4 Ng4 8. Nf3 Nxe3 9. Qxe3 Bf5 10. 0-0-0 e6 11. g3 Bg4 12. h3 Bxf3 13. Qxf3 Nd7 14. Kb1 f5 15. Be2 Qe7 1/2-1/2

[Event "EU-chT Seniors 10th"]
[Site "Dresden"]
[Date "2008.02.18"]
[Round "8.2"]
[White "Potthammel, Joerg"]
[Black "Zoephel, Heinz"]
[Result "1/2-1/2"]
[WhiteElo "2075"]
[BlackElo "2160"]
[PlyCount "46"]
[EventDate "2008.02.11"]
[EventType "team-swiss"]
[EventRounds "9"]
[EventCountry "GER"]
[SourceTitle "CBM 122 Extra"]
[Source "ChessBase"]
[SourceDate "2008.03.04"]
[SourceVersion "1"]
[SourceVersionDate "2008.03.04"]
[SourceQuality "1"]
[WhiteTeam "Mecklenburg Vorpommern"]
[BlackTeam "Sachsen"]
[WhiteTeamCountry "GER"]
[BlackTeamCountry "GER"]

1. e4 e5 2. d4 exd4 3. Nf3 Nc6 4. Bc4 d6 5. Nxd4 Nf6 6. Nc3 Be7 7. 0-0 0-0 8. f4 Nxd4 9. Qxd4 Be6 10. Nd5 Bxd5 11. exd5 Nd7 12. c3 Bf6 13. Qf2 Nc5 14. Be3 b6 15. Bb5 a6 16. Bc6 Rb8 17. Rad1 Be7 18. f5 Bf6 19. Bd4 Be5 20. Qe2 Nd7 21. Qxa6 Qh4 22. Bxe5 Nxe5 23. Rd4 Qg5 1/2-1/2

[Event "GER-chT Seniors 16th"]
[Site "Halle"]
[Date "2007.09.19"]
[Round "7.4"]
[White "Zoephel, Heinz"]
[Black "Brameyer, Hermann"]
[Result "0-1"]
[WhiteElo "2198"]
[BlackElo "2221"]
[PlyCount "80"]
[EventDate "2007.09.13"]
[EventType "team"]
[EventRounds "7"]
[EventCountry "GER"]
[SourceTitle "EXT 2008"]
[Source "ChessBase"]
[SourceDate "2007.11.25"]
[SourceVersion "1"]
[SourceVersionDate "2007.11.25"]
[SourceQuality "1"]

1. Nf3 d5 2. b4 Nf6 3. Bb2 Bf5 4. e3 e6 5. a3 Nbd7 6. c4 c6 7. Nc3 Bd6 8. Rc1 0-0 9. d4 Ne4 10. Nxe4 Bxe4 11. Ne5 Nxe5 12. dxe5 Bc7 13. Qh5 a5 14. b5 a4 15. f3 Ba5+ 16. Kf2 Bg6 17. Qg4 dxc4 18. Qxc4 Bd2 19. Ra1 cxb5 20. Qxb5 Qc7 21. Be2 Ra5 22. Qc4 Qxc4 23. Bxc4 Rc5 24. Be2 Bc2 25. Bd4 Rcc8 26. Ra2 Ba5 27. Bb5 Bb3 28. Raa1 Rc2+ 29. Kg3 Rfc8 30. Bd3 Ra2 31. Rac1 Bc2 32. Bxc2 Rcxc2 33. Rxc2 Rxc2 34. Rb1 Rc7 35. Rb5 Be1+ 36. Kg4 h6 37. Rc5 Rxc5 38. Bxc5 b5 39. Bd4 b4 40. Bb2 Bc3 0-1

[Event "GER-chT Seniors 16th"]
[Site "Halle"]
[Date "2007.09.15"]
[Round "3.4"]
[White "Werchan, Hans"]
[Black "Zoephel, Heinz"]
[Result "1/2-1/2"]
[WhiteElo "2165"]
[BlackElo "2198"]
[PlyCount "44"]
[EventDate "2007.09.13"]
[EventType "team"]
[EventRounds "7"]
[EventCountry "GER"]
[SourceTitle "EXT 2008"]
[Source "ChessBase"]
[SourceDate "2007.11.25"]
[SourceVersion "1"]
[SourceVersionDate "2007.11.25"]
[SourceQuality "1"]

1. Nf3 Nf6 2. c4 c5 3. Nc3 Nc6 4. d4 cxd4 5. Nxd4 a6 6. e4 d6 7. Be2 Nxd4 8. Qxd4 e6 9. 0-0 Qc7 10. Be3 e5 11. Qd2 Bd7 12. f3 Be7 13. Rfc1 b6 14. a4 0-0 15. g4 Bc6 16. Nd5 Bxd5 17. cxd5 Qb7 18. Rc6 Nd7 19. Rac1 Nc5 20. b4 Nb3 21. Qb2 Nxc1 22. Qxc1 Rfc8 1/2-1/2

[Event "EU-chT Seniors 09th"]
[Site "Dresden"]
[Date "2007.02.21"]
[Round "6"]
[White "Zoephel, Heinz"]
[Black "Saren, Ilkka J"]
[Result "1/2-1/2"]
[WhiteElo "2217"]
[BlackElo "2225"]
[PlyCount "57"]
[EventDate "2007.02.16"]
[EventType "team-swiss"]
[EventRounds "9"]
[EventCountry "GER"]
[SourceTitle "CBM 117 Extra"]
[Source "ChessBase"]
[SourceDate "2007.05.09"]
[SourceVersion "1"]
[SourceVersionDate "2007.05.09"]
[SourceQuality "1"]

1. e4 e5 2. Nc3 Nf6 3. f4 d5 4. fxe5 Nxe4 5. Nf3 Bc5 6. d4 Bb4 7. Bd2 c5 8. a3 Bxc3 9. Bxc3 Nc6 10. Be2 0-0 11. 0-0 Be6 12. Qd3 Qb6 13. a4 a6 14. Qe3 Nxc3 15. bxc3 cxd4 16. cxd4 Rac8 17. c3 Na5 18. Qd3 h6 19. Nh4 Qc6 20. Rac1 Nb3 21. Rc2 Qxa4 22. Bd1 Qc4 23. Qe3 a5 24. Nf5 Bxf5 25. Rxf5 Na1 26. Rc1 Nb3 27. Rc2 Na1 28. Rc1 Nb3 29. Rc2 1/2-1/2

[Event "EU-chT Seniors 09th"]
[Site "Dresden"]
[Date "2007.02.20"]
[Round "5"]
[White "Grassmann, Heinz"]
[Black "Zoephel, Heinz"]
[Result "0-1"]
[WhiteElo "1799"]
[BlackElo "2217"]
[PlyCount "59"]
[EventDate "2007.02.16"]
[EventType "team-swiss"]
[EventRounds "9"]
[EventCountry "GER"]
[SourceTitle "CBM 117 Extra"]
[Source "ChessBase"]
[SourceDate "2007.05.09"]
[SourceVersion "1"]
[SourceVersionDate "2007.05.09"]
[SourceQuality "1"]

1. d4 Nf6 2. c4 e5 3. dxe5 Ng4 4. Nf3 Nc6 5. Bd2 Bc5 6. e3 0-0 7. Bc3 Qe7 8. Be2 Ngxe5 9. Nxe5 Nxe5 10. 0-0 a5 11. Nd2 d6 12. Nf3 c6 13. Qd2 a4 14. Rfd1 Bf5 15. b4 axb3 16. axb3 Rxa1 17. Bxa1 Nxf3+ 18. Bxf3 Ra8 19. Bc3 Rd8 20. e4 Be6 21. Qf4 f6 22. Ra1 Qf7 23. Qg3 Bb6 24. Bg4 Qd7 25. Bxe6+ Qxe6 26. Qd3 Re8 27. Rd1 Qxe4 28. Qxd6 Rd8 29. Qxd8+ Bxd8 30. Rxd8+ 0-1

[Event "EU-chT Seniors 09th"]
[Site "Dresden"]
[Date "2007.02.19"]
[Round "4"]
[White "Seuss, Oswald"]
[Black "Zoephel, Heinz"]
[Result "1-0"]
[WhiteElo "2172"]
[BlackElo "2217"]
[PlyCount "53"]
[EventDate "2007.02.16"]
[EventType "team-swiss"]
[EventRounds "9"]
[EventCountry "GER"]
[SourceTitle "CBM 117 Extra"]
[Source "ChessBase"]
[SourceDate "2007.05.09"]
[SourceVersion "1"]
[SourceVersionDate "2007.05.09"]
[SourceQuality "1"]

1. e4 e5 2. Nf3 Nf6 3. Nxe5 d6 4. Nf3 Nxe4 5. d4 d5 6. Bd3 Bg4 7. 0-0 Bd6 8. c4 0-0 9. cxd5 f5 10. Nc3 Nxc3 11. bxc3 Nd7 12. h3 Bh5 13. Re1 Kh8 14. c4 Bb4 15. Bd2 Bxd2 16. Qxd2 Bxf3 17. gxf3 Qh4 18. Bf1 Rf6 19. Re6 Rg6+ 20. Kh2 Rf8 21. Rae1 Nf6 22. R1e5 Ng4+ 23. fxg4 fxg4 24. Rf5 g3+ 25. Kh1 Rgf6 26. Rexf6 gxf6 27. Qf4 1-0